Cartulario de San Pedro de Arlanza, antiguo monasterio benedictino / (Record no. 143177)

MARC details
000 -LEADER
campo de control de longitud fija 00885nam a2200205 4500
001 - NÚMERO DE CONTROL
campo de control 143177
003 - IDENTIFICADOR DE NÚMERO DE CONTROL
campo de control ES-MaACL
005 - FECHA Y HORA DE LA ÚLTIMA TRANSACCIÓN
campo de control 20230906200738.0
007 - CAMPO FIJO DE DESCRIPCIÓN FÍSICA--INFORMACIÓN GENERAL
campo de control de longitud fija t|
008 - DATOS DE LONGITUD FIJA--INFORMACIÓN GENERAL
campo de control de longitud fija 070214s1925 sp r ||||1| spa d
245 00 - MENCIÓN DEL TÍTULO
Título Cartulario de San Pedro de Arlanza, antiguo monasterio benedictino /
Mención de responsabilidad, etc. publicado por D. Luciano Serrano, O. S. B., Abad de SIlos.
260 ## - PUBLICACIÓN, DISTRIBUCIÓN, ETC.
Lugar de publicación, distribución, etc. Madrid :
Nombre del editor, distribuidor, etc. Junta para Ampliación de Estudios e Investigaciones Científicas, Centro de Estudios Históricos,
Fecha de publicación, distribución, etc. 1925 (
Lugar de fabricación/manufactura Burgos :
Fabricante Imp. de Rafael Ibáñez de Aldecoa)
300 ## - DESCRIPCIÓN FÍSICA
Extensión 299 p. ;
Dimensiones 25 cm.
490 1# - MENCIÓN DE SERIE
Mención de serie Publicaciones de la Junta para Ampliación de Estudios
700 1# - ENTRADA AGREGADA--NOMBRE PERSONAL
Nombre de persona Serrano, Luciano.
9 (RLIN) 105704
710 2# - ENTRADA AGREGADA--NOMBRE DE ENTIDAD CORPORATIVA
Nombre de entidad corporativa o nombre de jurisdicción como elemento de entrada Centro de Estudios Históricos (1910-1939)
9 (RLIN) 2638
830 0# - PUNTO DE ACCESO ADICIONAL DE SERIE-TÍTULO UNIFORME
Título uniforme Publicaciones de la Junta para Ampliación de Estudios
9 (RLIN) 220547
852 ## - LOCALIZACIÓN
Ubicación ES-MaACL
Número de control de estantería A-5166
Sublocalización o colección R.18146
Holdings
Estatus retirado Estado de pérdida Estado de daño No para préstamo Biblioteca de origen Biblioteca actual Ubicación en estantería Fecha de adquisición Fuente de adquisición Total de préstamos Signatura topográfica completa Código de barras Visto por última vez Precio de reemplazo Tipo de ítem Koha
        Biblioteca del Ateneo de Madrid Biblioteca del Ateneo de Madrid Sala Pecera Planta 1 17/01/2008     A-5166 1148965 23/02/2023 23/02/2023 Libro impreso